LEADER 01347nam2-2200433---450- 001 990002793430203316 005 20060727132610.0 010 $a88-7813-340-X 035 $a000279343 035 $aUSA01000279343 035 $a(ALEPH)000279343USA01 035 $a000279343 100 $a20060727h1991----km-y0itay0103----ba 101 0 $aita 102 $aIT 105 $aa|||||||001yy 200 1 $a<1.11> : Magazzini, i capitelli$fredazione di Angela Gallottini, Loretta Lupi$gtesti di Angela Gallottini, Loretta Lupi 210 $aRoma$cDe Luca$dcopyr. 1991 215 $aX,113 p.$cill.$d25 cm 300 $aIn testa al front.: Ministero per i beni culturali e ambientali, Soprintendenza archeologica di Roma 410 0$12001 454 1$12001 461 1$1001000182226$12001 462 $1001000279320 606 0$aSculture$xMuseo nazionale romano$yRoma 607 $aRoma$xMuseo nazionale romano$xCataloghi 676 $a937.007405632 702 $aGALLOTTINI,$bAngela 702 1$aLUPI,$bLoretta 710 02$aMuseo nazionale romano$0172754 801 0$aIT$bsalbc$gISBD 912 $a990002793430203316 951 $aI MU ROM 11/I.11$b6533 DBC$cI MU 959 $aBK 969 $aUMA 969 $aDBC 979 $aDBC$b90$c20060727$lUSA01$h1326 996 $a: Magazzini, i capitelli$9995783 997 $aUNISA LEADER 02857nam0 22005653i 450 001 VAN0249694 005 20230531105707.50 017 70$2N$a9783030302948 100 $a20220907d2020 |0itac50 ba 101 $aeng 102 $aCH 105 $a|||| ||||| 200 1 $aQuantum Riemannian Geometry$fEdwin J. Beggs, Shahn Majid 210 $aCham$cSpringer$d2020 215 $axvi, 809 p.$cill.$d24 cm 410 1$1001VAN0024107$12001 $aGrundlehren der mathematischen Wissenschaften$eA series of comprehensive texts in mathematics$1210 $aBerlin [etc.]$cSpringer$v355 500 1$3VAN0249695$aQuantum Riemannian Geometry$92907051 606 $a58B34$xNoncommutative geometry (a la Connes) [MSC 2020]$3VANC021523$2MF 606 $a46L87$xNoncommutative differential geometry [MSC 2020]$3VANC021524$2MF 606 $a81R60$xNoncommutative geometry in quantum theory [MSC 2020]$3VANC021525$2MF 606 $a83C65$xMethods of noncommutative geometry in general relativity [MSC 2020]$3VANC021526$2MF 606 $a17B37$xQuantum groups (quantized enveloping algebras) and related deformations [MSC 2020]$3VANC023868$2MF 606 $a81R50$xQuantum groups and related algebraic methods applied to problems in quantum theory [MSC 2020]$3VANC023870$2MF 606 $a20G42$xQuantum groups (quantized function algebras) and their representations [MSC 2020]$3VANC026946$2MF 606 $a16T05$xHopf algebras and their applications [MSC 2020]$3VANC033698$2MF 606 $a81T75$xNoncommutative geometry methods in quantum field theory [MSC 2020]$3VANC033823$2MF 610 $aBraided Lie algebra$9KW:K 610 $aDifferential graded algebra$9KW:K 610 $aDiscrete geometry of graphs$9KW:K 610 $aHolomorphic structure$9KW:K 610 $aHopf algebra$9KW:K 610 $aNoncommutative D-modules$9KW:K 610 $aNoncommutative geometry$9KW:K 610 $aPoisson-Riemannian geometry$9KW:K 610 $aQuantum Gravity$9KW:K 610 $aQuantum Levi-Civita bimodule connection$9KW:K 610 $aQuantum Spacetime$9KW:K 610 $aQuantum groups$9KW:K 620 $aCH$dCham$3VANL001889 700 1$aBeggs$bEdwin J.$3VANV204183$01015114 701 1$aMajid$bShahn$3VANV042556$060857 712 $aSpringer $3VANV108073$4650 801 $aIT$bSOL$c20240614$gRICA 856 4 $uhttp://doi.org/10.1007/978-3-030-30294-8$zE-book ? Accesso al full-text attraverso riconoscimento IP di Ateneo, proxy e/o Shibboleth 899 $aBIBLIOTECA DEL DIPARTIMENTO DI MATEMATICA E FISICA$1IT-CE0120$2VAN08 912 $fN 912 $aVAN0249694 950 $aBIBLIOTECA DEL DIPARTIMENTO DI MATEMATICA E FISICA$d08CONS e-book 4816 $e08eMF4816 20220907 996 $aQuantum Riemannian Geometry$92907051 997 $aUNICAMPANIA